000
00253nam a22001217a 4500
008
170612b xxu||||| |||| 00| 0 eng d
041
_a
eng
080
_a
34
100
_a
19
101
_a
SHH
245
_a
MODERN DEMOCRACY
_c
BRUCE.J
942
_2
udc
_c
BK
999
_c
16857
_d
16857